Detalles MARC
| 000 -LÍDER |
| Campo fijo de descripción fija |
01687cam a2200397 i 4500 |
| 001 - NÚMERO DE CONTROL |
| Campo de control |
768714001 |
| 003 - IDENTIFICADOR DEL NÚMERO DE CONTROL |
| Campo de control |
CO-MdFUSB |
| 005 - FECHA Y HORA DE LA ULTIMA TRANSACCIÓN |
| control field |
20220630143417.0 |
| 007 - CAMPO FIJO DE DESCRIPCIÓN FIJA--INFORMACIÓN GENERAL |
| Campo fijo de descripción fija |
ta |
| 008 - ELEMENTOS DE LONGITUD FIJA -- INFORMACIÓN GENERAL |
| Campo fijo de descripción fija -- Información general |
070207t2006 enk bm 001 0 eng d |
| 020 ## - NÚMERO INTERNACIONAL NORMALIZADO PARA LIBROS |
| Número Internacional Normalizado del libro |
1870345487 |
| 040 ## - FUENTE DE CATALOGACIÓN |
| Agencia de catalogación original |
EQO |
| Idioma de catalogación |
eng |
| Agencia que realiza la transcripción |
CO-MdFUSB |
| Agencia que realiza la modificación |
YDXCP |
| -- |
DTM |
| -- |
LML |
| Convenciones de la descripción |
rda |
| 041 ## - CÓDIGO DE IDIOMA |
| Código de idioma para texto/pista de sonido o título separado |
eng |
| 082 ## - NÚMERO DE CLASIFICACIÓN DECIMAL DEWEY |
| Número de la edición del Dewey |
23 |
| Número de clasificación |
221.92 |
| Clave de autor-Numero de item |
C999 |
| 100 1# - ASIENTO PRINCIPAL--NOMBRE PERSONAL |
| Nombre personal |
Czövek, Tamás. |
| Término relacionador |
autor |
| 245 10 - TÍTULO |
| Título del Material |
Three seasons of charismatic leadership : |
| Parte restante del título - Subtitulo |
a literary-critical and theological interpretation of the narrative of Saul, David and Solomon / |
| Mención de responsabilidad, etc. |
Tamás Czövek ; prólogo por Carl E. Armerding. |
| 264 #1 - PRODUCCIÓN, PUBLICACIÓN, DISTRIBUCIÓN, MANUFACTURA, Y COPYRIGHT |
| Lugar de producción, publicación, distribución, manufactura |
[Oxford, UK] ; |
| -- |
[Costa Mesa, CA] : |
| Nombre del productor, publicador, distribuidor |
Regnum ; |
| Lugar de producción, publicación, distribución, manufactura |
Bletchley, Milton Keynes, UK ; |
| -- |
Waynesboro, Ga. : |
| Nombre del productor, publicador, distribuidor |
Paternoster, |
| Fecha de producción, publicación, distribución, manufactura, o copyright |
[2006] |
| 264 #4 - PRODUCCIÓN, PUBLICACIÓN, DISTRIBUCIÓN, MANUFACTURA, Y COPYRIGHT |
| Fecha de producción, publicación, distribución, manufactura, o copyright |
© 2006 |
| 300 ## - DESCRIPCIÓN FÍSICA |
| Extensión |
272 páginas ; |
| Dimensiones |
23 cm. |
| 336 ## - TIPO DE CONTENIDO |
| Término de tipo de contenido |
texto |
| Código de tipo de contenido |
txt |
| Fuente |
rdacontent. |
| 337 ## - TIPO DE MEDIO |
| Nombre del tipo de medio |
sin mediación |
| Código del tipo de medio |
n |
| Fuente |
rdamedia. |
| 338 ## - TIPO DE SOPORTE |
| Nombre del tipo de soporte |
volumen |
| Código Tipo de soporte |
nc |
| Fuente |
rdacarrier. |
| 490 1# - MENCIÓN DE SERIE |
| Mención de serie |
Regnum studies in mission. |
| 500 ## - NOTA GENERAL |
| Nota General |
Basado en la tesis del autor (Ph.D.)--Oxford Center for Mission Studies and University of Wales, 2001. |
| 504 ## - NOTA DE BIBLIOGRAFÍA, ETC. |
| Nota de bibliografía, etc |
Incluye referencias bibliográficas (páginas [233]-244) e índices. |
| 505 ## - NOTA DE CONTENIDO |
| Nota de contenido con formato preestablecido |
Introducción -- De la judicatura carismática a la realeza limitada -- Entre el liderazgo militar carismático y la realeza oriental -- Del carisma redefinido a la pretensión real. |
| 563 ## - NOTA DE ENCUADERNACIÓN |
| Nota de encuadernación |
Rústico |
| 630 07 - TITULO UNIFORME |
| Título uniforme |
Biblia. |
| Nombre de parte o sección de la obra |
Samuel |
| Subdivisión de materia general |
Crítica, interpretación, etc. |
| 630 07 - TITULO UNIFORME |
| Título uniforme |
Biblia. |
| Nombre de parte o sección de la obra |
Reyes |
| Subdivisión de materia general |
Crítica, interpretación, etc |
| 650 #0 - ASIENTO SECUNDARIO DE MATERIA - TERMINO TEMÁTICO |
| Término temático o nombre geográfico como elemento de entrada |
Liderazgo |
| 9 (RLIN) |
2014 |
| 653 ## - TÉRMINO DE INDIZACIÓN - NO CONTROLADO |
| Término no controlado |
Antiguos profetas |
| 830 #0 - PUNTO DE ACCESO ADICIONAL DE SERIE - TÍTULO UNIFORME |
| Título uniforme |
Regnum studies in mission. |
| 942 ## - TIPO DE MATERIAL (KOHA) |
| Tipo de Item KOHA |
Libros General |
| 945 ## - INFORMACIÓN LOCAL DEL REGISTRO |
| Catalogador |
JTF-925 |